Thor Villains by Picture - Statistics

General Stats
  • This quiz has been taken 135 times
  • The average score is 12 of 32
Answer Stats
Picture Answer % Correct
Loki
100%
Hela
91%
Enchantress
67%
the Destroyer
64%
Executioner
63%
Malekith
63%
Wrecker
53%
Absorbing Man
51%
Fenris
51%
Bulldozer
48%
Laufey
47%
High-Evolutionary
46%
Thunderball
45%
Kurse
44%
Piledriver
44%
Grey Gargoyle
40%
Ymir
36%
Ulik
32%
Minotaur (Dario Agger)
29%
Mr. Hyde
29%
Radioactive Man
27%
Lorelei
23%
Ragnarok
23%
Karnilla
22%
Zarrko the Tomorrow Man
20%
Quicksand
19%
Man-Beast
13%
Mongoose
12%
Mercurio the 4-D Man
5%
Nobilus
4%
Sedna
4%
Wind Warrior
2%
No matching quizzes found
Score Distribution
Percent of People with Each Score
Percentile by Number Answered
Your Score History
You have not taken this quiz